000 00379nam a2200145Ia 4500
003 GCL
040 _aGCL /
_cGCL
082 0 4 _a739.27
_bI G
100 1 _aINTERNATIONAL GOLD CARPARATION
245 1 0 _aGOLD IN FASHION /
_cINTERNATIONAL GOLD CARPARATION
260 _a[S.N] :
_bINTERNATIONAL GOLD CARPARATION ،
_c1986
650 0 4 _aGOLD
650 0 4 _aJEWELLERY
942 _2ddc
_cBK
999 _c22099
_d22099